000 00761nam a2200229 i 4500
001 bg
100 1 _aPACIOREK, Zdzisław
245 1 0 _aLaboratorium materiałoznawstwa elektrycznego /
_cZdzisław Paciorek, Stanisław Stryszowski.
260 _aKielce :
_bWydaw. PŚ,
_c2001.
300 _a264 s. :
_bil. ;
_c24 cm.
490 1 _aSkrypty / [Politechnika Świętokrzyska],
_x0239-6386 ;
_vnr 373
504 _aBibliogr. przy badaniach.
650 9 _aElektrotechnika
_xmateriały
655 _aPodręczniki akademickie
700 1 _aSTRYSZOWSKI, Stanisław
830 0 _aSkrypty ([Politechnika Świętokrzyska]) ;
_vnr 373
040 _cBPK
041 0 _apl
080 _a621.31:620.2](075.8)
942 _cKS
008 s pl f |000 0 pol
999 _c40925
_d40925
856 _uhttp://koha.tu.koszalin.pl/cgi-bin/koha/opac-detail.pl?biblionumber=40925
_yKatalog online BPK